000 00247nam a2200097Ia 4500
001 918170
005 20250826185927.0
008 250824s9999 xx 000 0 und d
245 0 _aBEN HEP KAYBETTİM
_cMEHMET ALİ KILINÇ
260 _bDESTEK YAYINLARI
999 _c918170
_d918170